Trabajamos por una sociedad con alma 1968 - 2013.

Salvato in:
Dettagli Bibliografici
Ente Autore: Corporación Cultural Semanas Musicales de Frutillar (autor)
Natura: Libro
Pubblicazione: Frutillar, Chile: Directorio Corporación Cultural Semanas Musicales de Frutillar, 2013.
Soggetti:
Tags: Aggiungi Tag
Nessun Tag, puoi essere il primo ad aggiungerne!!

MARC

LEADER 00000nam a22000007a 4500
003 CL-VaPUC
005 20231020084014.0
008 231011t2013 ||||| |||| 00| 0 eng d
999 |c 442019  |d 442017 
040 |c Pontificia Universidad Católica de Valparaíso 
082 0 4 |2 22  |a 780.78 COR 2013 
110 1 |a Corporación Cultural Semanas Musicales de Frutillar  |9 884996  |e autor 
245 1 0 |a Trabajamos por una sociedad con alma 1968 - 2013. 
260 |a Frutillar, Chile:  |b Directorio Corporación Cultural Semanas Musicales de Frutillar,  |c 2013. 
300 |a 83 páginas. 
500 |a c.1 Donación Rectoría 2022. 
583 |c 20231011  |k Catalogador Asistente 
650 1 |a Música chilena  |x Conciertos y presentaciones  |z Frutillar  |9 885034 
942 |2 ddc  |c BK 
952 |0 0  |1 0  |2 ddc  |4 0  |6 780_780000000000000_COR_2013  |7 0  |8 A  |9 591913  |a BIBEDU  |b BIBEDU  |c GEN  |d 2023-10-11  |e Donación  |i 5659021  |o 780.78 COR 2013  |p 5659021  |r 2023-10-11  |t 1  |w 2023-10-11  |y BK  |k MUS